Jewish Background of Indian People (Record no. 226095)
[ view plain ]
| 000 -LEADER | |
|---|---|
| fixed length control field | 00601nam a22002177a 4500 |
| 005 - DATE AND TIME OF LATEST TRANSACTION | |
| control field | 20221228114207.0 |
| 008 - FIXED-LENGTH DATA ELEMENTS--GENERAL INFORMATION | |
| fixed length control field | 221228b ||||| |||| 00| 0 eng d |
| 040 ## - CATALOGING SOURCE | |
| Transcribing agency | AL |
| 041 ## - LANGUAGE CODE | |
| Language code of text/sound track or separate title | English |
| 082 ## - DEWEY DECIMAL CLASSIFICATION NUMBER | |
| Edition number | 23 |
| Classification number | 954.004924 |
| Item number | BENJ |
| 100 ## - MAIN ENTRY--PERSONAL NAME | |
| Personal name | Abraham Benhur |
| 100 ## - MAIN ENTRY--PERSONAL NAME | |
| 9 (RLIN) | 67800 |
| 245 ## - TITLE STATEMENT | |
| Title | Jewish Background of Indian People |
| 260 ## - PUBLICATION, DISTRIBUTION, ETC. | |
| Place of publication, distribution, etc. | Calicut |
| Name of publisher, distributor, etc. | Jeevanist Books |
| Date of publication, distribution, etc. | 2011 |
| 300 ## - PHYSICAL DESCRIPTION | |
| Extent | 280 p. |
| Other physical details | PB |
| Dimensions | 21x13 cm. |
| 365 ## - TRADE PRICE | |
| Price amount | ₹475.00 |
| Currency code | ₹ |
| Unit of pricing | ₹475.00 |
| 650 ## - SUBJECT ADDED ENTRY--TOPICAL TERM | |
| Topical term or geographic name entry element | Lost tribes of Israel |
| 9 (RLIN) | 67801 |
| 650 ## - SUBJECT ADDED ENTRY--TOPICAL TERM | |
| Topical term or geographic name entry element | India |
| 9 (RLIN) | 67802 |
| 650 ## - SUBJECT ADDED ENTRY--TOPICAL TERM | |
| Topical term or geographic name entry element | Jews |
| 9 (RLIN) | 67803 |
| 700 ## - ADDED ENTRY--PERSONAL NAME | |
| Personal name | BENHUR (Abraham) |
| 9 (RLIN) | 67804 |
| 942 ## - ADDED ENTRY ELEMENTS (KOHA) | |
| Source of classification or shelving scheme | Dewey Decimal Classification |
| Koha item type | Donated Books |
| Withdrawn status | Lost status | Source of classification or shelving scheme | Damaged status | Not for loan | Collection code | Home library | Current library | Date acquired | Total Checkouts | Full call number | Barcode | Date last seen | Price effective from | Koha item type | Public note |
|---|---|---|---|---|---|---|---|---|---|---|---|---|---|---|---|
| Dewey Decimal Classification | History | St Aloysius Library | St Aloysius Library | 11/28/2014 | 954.004924 BENJ | D05315 | 12/28/2022 | 12/28/2022 | Donated Books | Donated by V. T. Rajshekar |